000 00694nam a2200241 b 4500
003 OSt
005 20141215213002.0
008 110805s1998 esp | | 001|0|spa c
020 _a970-17-0139-9
040 _aRABEL
_cBMC
082 _a011.7
082 _a001.42
100 1 _91650
_aMuñoz Razo, Carlos
245 1 0 _aCómo elaborar y asesorar una investigación de tesis
_cCarlos Muñoz Razo
250 _a1ª ed
260 _aMéxico, D.F. [etc.]
_bPrentice Hall
_c1998
300 _a300 p.
_bil., graf.
_c23 cm
500 _aIndice
504 _aBibliografíia: p. [299]-300
650 2 4 _aInvestigación
_xMetodología
_9168
650 2 4 _94767
_aTesis
_xMetodología
942 _2ddc
_cBK
999 _c1968
_d1968